000 01116cam a2200349 a 4500
001 120148
005 20230410103802.0
008 940722s1994 nyua 001 0beng
035 _9(DLC) 94031752
035 _a4907296
010 _a 94031752
020 _a9781476764849
040 _aDLC
_cDLC
_dDLC
041 1 _aeng
_hrus
043 _ae-ur---
050 1 4 _a338 DK 254
_bL566V 1994
082 0 0 _a947.0841092
100 1 _aVolkogonov, Dmitri.
245 1 0 _aLenin :
_ba new biography /
_cDmitri Volkogonov ; translated and edited by Harold Shukman.
260 _aNew York :
_bFree Press,
_cc1994.
300 _axxxix, 529 p. :
_bill. ;
_c25 cm.
504 _aIncludes bibliographical references (p. [485]-509) and index.
600 1 0 _aLenin, Vladimir Il§ich,
_d1870-1924.
650 0 0 _aHeads of state
_zSoviet Union
_xBiography.
650 4 _aJefes de estado
_zUnión Soviética
_xBiografía.
650 4 _a20150700.
651 4 _aUnión Soviética
_xHistoria
_y1917-1936.
651 0 _aSoviet Union
_xHistory
_y1917-1936.
700 1 _aShukman, Harold.
942 _2lcc
_cbk
946 _aYSL
999 _c25785
_d25785